Oracle big data handbook / (Record no. 26754)
[ view plain ]
| 000 -LEADER | |
|---|---|
| fixed length control field | 01916cam a22002895a 4500 |
| 001 - CONTROL NUMBER | |
| control field | 18109168 |
| 005 - DATE AND TIME OF LATEST TRANSACTION | |
| control field | 20180521101231.0 |
| 008 - FIXED-LENGTH DATA ELEMENTS--GENERAL INFORMATION | |
| fixed length control field | 140409t2014 nyua fr 001 0 eng d |
| 020 ## - INTERNATIONAL STANDARD BOOK NUMBER | |
| International Standard Book Number | 9780071827263 |
| 020 ## - INTERNATIONAL STANDARD BOOK NUMBER | |
| International Standard Book Number | 0071827269 |
| 040 ## - CATALOGING SOURCE | |
| Original cataloging agency | YDXCP |
| Language of cataloging | eng |
| Transcribing agency | YDXCP |
| Modifying agency | BDX |
| -- | BTCTA |
| -- | UKMGB |
| -- | JBL |
| -- | OCLCF |
| -- | DLC |
| -- | EG-ScBUE |
| 082 04 - DEWEY DECIMAL CLASSIFICATION NUMBER | |
| Edition number | 22 |
| Classification number | 005.7585 |
| Item number | ORA |
| 245 00 - TITLE STATEMENT | |
| Title | Oracle big data handbook / |
| Statement of responsibility, etc | Tom Plunkett ... [et al.] |
| 246 34 - VARYING FORM OF TITLE | |
| Title proper/short title | Oracle big data handbook : |
| Remainder of title | plan and implement an enterprise big data infrastructure |
| 260 ## - PUBLICATION, DISTRIBUTION, ETC. (IMPRINT) | |
| Place of publication, distribution, etc | New York : |
| Name of publisher, distributor, etc | McGraw-Hill Education : |
| -- | Oracle Press, |
| Date of publication, distribution, etc | c.2014. |
| 300 ## - PHYSICAL DESCRIPTION | |
| Extent | xxviii, 432 p. : |
| Other physical details | ill. ; |
| Dimensions | 23 cm. |
| 490 0# - Series Statement | |
| Series statement | Oracle big data |
| 500 ## - GENERAL NOTE | |
| General note | Includes index. |
| 505 0# - FORMATTED CONTENTS NOTE | |
| Formatted contents note | Introduction to big data -- The value of big data -- The Apache Hadoop platform -- Why an appliance? -- BDA configurations, deployment architectures, and monitoring -- Integrating the data warehouse and analytics infrastructure to big data -- BDA connectors -- Oracle NoSQL database -- In-database analytics: delivering faster time to value -- Analyzing data with R -- Endeca information discovery -- Big data governance -- Developing architecture and roadmap for big data. |
| 520 ## - SUMMARY, ETC. | |
| Summary, etc | "Cowritten by members of Oracle's big data team, [this book] provides complete coverage of Oracle's comprehensive, integrated set of products for acquiring, organizing, analyzing, and leveraging unstructured data. The book discusses the strategies and technologies essential for a successful big data implementation, including Apache Hadoop, Oracle Big Data Appliance, Oracle Big Data Connectors, Oracle NoSQL Database, Oracle Endeca, Oracle Advanced Analytics, and Oracle's open source R offerings"--Page 4 of cover. |
| 650 #7 - SUBJECT ADDED ENTRY--TOPICAL TERM | |
| Topical term or geographic name as entry element | Big data. |
| Source of heading or term | BUEsh |
| 9 (RLIN) | 36502 |
| 650 #7 - SUBJECT ADDED ENTRY--TOPICAL TERM | |
| Topical term or geographic name as entry element | Database management. |
| Source of heading or term | BUEsh |
| 9 (RLIN) | 11309 |
| 651 ## - SUBJECT ADDED ENTRY--GEOGRAPHIC NAME | |
| Source of heading or term | BUEsh |
| 653 ## - INDEX TERM--UNCONTROLLED | |
| Resource For college | Informatics and Computer Science |
| Arrived date list | May2018 |
| 700 1# - ADDED ENTRY--PERSONAL NAME | |
| Personal name | Plunkett, Tom, |
| Dates associated with a name | 1967- |
| 942 ## - ADDED ENTRY ELEMENTS (KOHA) | |
| Source of classification or shelving scheme | Dewey Decimal Classification |
| Withdrawn status | Item status | Source of classification or shelving scheme | Damaged status | Not for loan | Vendor | Home library | Current library | Shelving location | Date acquired | Source of acquisition | Cost, normal purchase price | Serial Enumeration / chronology | Total Checkouts | Full call number | Barcode | Date last seen | Cost, replacement price | Koha item type |
|---|---|---|---|---|---|---|---|---|---|---|---|---|---|---|---|---|---|---|
| Dewey Decimal Classification | Baccah | Central Library | Central Library | Lower Floor | 21/05/2018 | Purchase | 520.00 | 20000088 | 005.7585 ORA | 000047804 | 15/07/2025 | 650.00 | Book - Borrowing |